Flags with Helium - Statistics

General Stats
  • This quiz has been taken 27 times
  • The average score is 15 of 16
Answer Stats
Picture Answer % Correct
Australia
100%
Israel
100%
Lebanon
100%
Bosnia and Herzegovina
96%
Cyprus
96%
Georgia
96%
Panama
96%
Papua New Guinea
96%
Cuba
92%
Eswatini
92%
Maldives
88%
Eritrea
85%
Namibia
85%
Kiribati
81%
Solomon Islands
81%
Saint Kitts and Nevis
73%
No matching quizzes found
Score Distribution
Percent of People with Each Score
Percentile by Number Answered
Your Score History
You have not taken this quiz